| 000 | 00000nam 2200000zi 4500 |
| 001 | 9.894264 |
| 003 | CaOODSP |
| 005 | 20240909110604 |
| 006 | m o d f |
| 007 | cr |n||||||||| |
| 008 | 201203t19761977oncd o f000 0 eng d |
| 020 | |z0660004569 |
| 040 | |aCaOODSP|beng|erda|cCaOODSP |
| 043 | |an-cn--- |
| 086 | |aZ1-1975/1-41-6E-PDF|zZ1-1975/1-41-6 |
| 100 | 1 |aSavage, Murray, |eauthor. |
| 245 | 10|aDomtar Limited : |ba corporate background report / |cby Murray Savage ; Maison Placements Canada, Inc. |
| 264 | 1|aMississauga, Ontario : |bPhase I Printing Limited, |cJanuary 1976. |
| 264 | 4|bMinister of Supply and Services Canada, |c©1977 |
| 300 | |a1 online resource (v, 108 pages) : |bgraph. |
| 336 | |atext|btxt|2rdacontent |
| 337 | |acomputer|bc|2rdamedia |
| 338 | |aonline resource|bcr|2rdacarrier |
| 490 | 1 |aStudy ; |vno. 6 |
| 500 | |aDigitized edition from print [produced by Privy Council Office]. |
| 500 | |aIssued also in French under title : Domtar limitée : une analyse de sa structure corporative. |
| 505 | 0 |aForeword -- Acknowledgements -- Overview -- History of Development -- Corporate Citizenship -- Conclusions -- Appendices. |
| 520 | |a"Domtar Limited, previously known as Dominion Tar & Chemical Company, Limited, formally adopted its present name in 1965 after using Domtar for several years in the titles of its operating subsidiaries. The company has been identified as a Canadian corporation under a Dominion charter since 1929, but its full history covers a span of more than 70 years starting in 1903 when, as a British company, it established a small coal tar distillery in Sydney, Nova Scotia"--Overview, page 1. |
| 610 | 20|aDomtar Limited. |
| 610 | 26|aDomtar limiteĢe. |
| 650 | 0|aIndustrial concentration|zCanada. |
| 650 | 6|aConcentration d'entreprises|zCanada. |
| 710 | 1 |aCanada. |bRoyal Commission on Corporate Concentration, |eissuing body. |
| 775 | 08|tDomtar limitée : |w(CaOODSP)9.942985 |
| 830 | #0|aStudy (Canada. Royal Commission on Corporate Concentration)|vno. 6.|w(CaOODSP)9.873200 |
| 856 | 40|qPDF|s41.44 MB|uhttps://publications.gc.ca/collections/collection_2020/bcp-pco/Z1-1975-1-41/Z1-1975-1-41-6-eng.pdf |